000 00532nam a22001577a 4500
005 20251108172946.0
008 250721s2000 xx 000 0 ara d
082 1 4 _a216/شبي
100 1 _aشبير، محمد عثمان
245 1 0 _aالقواعد الكلية و الضوابط الفقهية في الشريعة الإسلامية /
264 1 _aعمان :
_bدار الفرقان للنشر و التوزيع،
_c2000.
300 _a436ص.
650 1 7 _aالفقه الإسلامي
942 _2ddc
_cBK
999 _c92793
_d92793